| 000 | 00651nam a2200229Ia 4500 | ||
|---|---|---|---|
| 999 |
_c5222 _d5222 |
||
| 001 | 15428 | ||
| 003 | GBCCL | ||
| 005 | 20241126110536.0 | ||
| 008 | 761203s1967 nbu 000 0 eng d | ||
| 035 | _aOCM02593995 | ||
| 040 |
_aCDC _cCDC _dm.c. _dLBB |
||
| 049 | _aLBBK | ||
| 082 |
_a224.92 _bWEI |
||
| 092 | 0 |
_bW429, 1967 _220 |
|
| 100 | 1 |
_aWeiss, G. Christian. _92026 |
|
| 245 | 1 | 0 |
_aWrong-way Jonah / _cby G. Christian Weiss. |
| 260 |
_aLincoln, Neb. : _bBack to the Bible Broadcast, _cc1967. |
||
| 300 |
_a126 p ; _c18 cm. |
||
| 600 | 0 | 0 |
_aJonah _c(Biblical prophet) _99421 |
| 630 | 0 | 0 |
_aBible. _pO.T. _pJonah _xCommentaries. _95196 |
| 942 |
_2ddc _cBK _012 |
||